<?xml version="1.0" encoding="UTF-8"?>
<collection xmlns="http://www.loc.gov/MARC21/slim">
 <record>
  <leader>01108cmm a2200361 i 4500</leader>
  <controlfield tag="001">000044851</controlfield>
  <controlfield tag="003">3261</controlfield>
  <controlfield tag="005">20030912143247.0</controlfield>
  <controlfield tag="008">010312b1993    vm            000   vie</controlfield>
  <datafield tag="040" ind1=" " ind2=" ">
   <subfield code="a">IRC</subfield>
   <subfield code="c">IRC</subfield>
   <subfield code="d">IRC</subfield>
  </datafield>
  <datafield tag="041" ind1="0" ind2=" ">
   <subfield code="a">vie</subfield>
  </datafield>
  <datafield tag="082" ind1="1" ind2="4">
   <subfield code="a">491.7</subfield>
   <subfield code="b">NG-A</subfield>
  </datafield>
  <datafield tag="100" ind1="1" ind2=" ">
   <subfield code="a">Nguyễn Thị Kim Anh.</subfield>
  </datafield>
  <datafield tag="245" ind1="0" ind2="0">
   <subfield code="a">Câu nghi vấn không thực (xét về một hình thức) với 3 ý nghĩa</subfield>
   <subfield code="h">[Thesis - Luận văn] :</subfield>
   <subfield code="b">phủ định, ngạc nhiên, nghi ngờ /</subfield>
   <subfield code="c">Nguyễn Thị Kim Anh, Lê Minh Hà thực hiện ; Trần Thế Sơn hướng dẫn.</subfield>
  </datafield>
  <datafield tag="260" ind1=" " ind2=" ">
   <subfield code="a">Đà Nẵng :</subfield>
   <subfield code="b">ĐHĐN,</subfield>
   <subfield code="c">1993.</subfield>
  </datafield>
  <datafield tag="300" ind1=" " ind2=" ">
   <subfield code="a">50tr. ;</subfield>
   <subfield code="c">30cm.</subfield>
  </datafield>
  <datafield tag="630" ind1="0" ind2="4">
   <subfield code="a">Khoá luận.</subfield>
  </datafield>
  <datafield tag="630" ind1="0" ind2="4">
   <subfield code="a">Ngữ pháp.</subfield>
  </datafield>
  <datafield tag="630" ind1="0" ind2="4">
   <subfield code="a">Nga ngữ.</subfield>
  </datafield>
  <datafield tag="630" ind1="0" ind2="4">
   <subfield code="a">Câu nghi vấn.</subfield>
  </datafield>
  <datafield tag="650" ind1="0" ind2="4">
   <subfield code="a">Nga ngữ</subfield>
   <subfield code="x">Ngữ pháp.</subfield>
  </datafield>
  <datafield tag="700" ind1="1" ind2=" ">
   <subfield code="a">Lê Minh Hà.</subfield>
  </datafield>
  <datafield tag="700" ind1="1" ind2=" ">
   <subfield code="a">Trần Thế Sơn,</subfield>
   <subfield code="c">PTS.,</subfield>
   <subfield code="e">hướng dẫn.</subfield>
  </datafield>
  <datafield tag="OWN" ind1=" " ind2=" ">
   <subfield code="a">DUT</subfield>
  </datafield>
  <datafield tag="999" ind1=" " ind2=" ">
   <subfield code="a">From the UDN01</subfield>
  </datafield>
  <datafield tag="TYP" ind1=" " ind2=" ">
   <subfield code="a">Computer file</subfield>
  </datafield>
  <datafield tag="TYP" ind1=" " ind2=" ">
   <subfield code="a">Monograph</subfield>
  </datafield>
  <datafield tag="980" ind1=" " ind2=" ">
   <subfield code="a">Mạng thư viện Đại học Đà Nẵng</subfield>
  </datafield>
 </record>
</collection>
